000
00312nam a22001337a 4500
003
SGT
020
_a
9781844779307
082
_a
641.62
_b
WAL
100
_a
WANTON, STUART
245
_a
THE ULTIMATE ENCYCLOPEDIA OF WINE, BEAR,SPIRITS&LIQUEURS
260
_a
HERMES HOUSE
_c
2009
300
_a
512
942
_2
ddc
_c
BK
999
_c
16690
_d
16690